[Event "Madrid 2022-2023 ch - Previa A"]
[Site "Madrid ESP"]
[Date "2023.02.07"]
[Round "2.9"]
[White "Galarreta Santana, Javier"]
[Black "Alvarez Abejon, Amilcar"]
[Result "0-1"]
[WhiteElo "1739"]
[BlackElo "1863"]
[PlyCount "96"]
[EventDate "2023.02.06"]
[EventType "swiss"]
[EventRounds "9"]
[EventCountry "ESP"]
[SourceTitle "Ajedrez en Madrid"]
[Source "lmi"]
[SourceDate "2023.02.06"]
[SourceVersion "1"]
[SourceVersionDate "2023.03.03"]
[SourceQuality "1"]

1. b3 e5 2. Bb2 d6 3. e3 f5 4. f4 e4 5. c4 Nf6 6. Nc3 g6 7. h4 Bg7 8. Be2 h5 9.
Nh3 O-O 10. Ng5 a5 11. Qc2 Na6 12. Rd1 Qe7 13. O-O Bd7 14. Rfe1 a4 15. bxa4 Nc5
16. Rb1 Nxa4 17. Ba1 Nc5 18. d4 exd3 19. Bxd3 Rae8 20. Nd5 Nxd5 21. cxd5 Bxa1
22. Rxa1 Qf6 23. Kf2 Ba4 24. Qd2 Qb2 25. Qxb2 Nxd3+ 26. Ke2 Nxb2 27. Rab1 Nc4
28. Kd3 Nb6 29. Ne6 Rf7 30. Kd4 Rfe7 31. Nxc7 Rxc7 32. Rxb6 Bc2 33. e4 Rxe4+
34. Rxe4 fxe4 35. Rxd6 Re7 36. Ke3 Kf7 37. Rb6 Rd7 38. Rb2 Bd3 39. Kd4 b5 40.
g3 Kf6 41. Rd2 Kf5 42. Kc5 Rc7+ 43. Kd6 Rc2 44. Rd1 Rxa2 45. Kc7 b4 46. d6 b3
47. Kb7 Ke6 48. f5+ gxf5 0-1

[Event "Madrid 2022-2023 ch - Previa A"]
[Site "Madrid ESP"]
[Date "2023.02.07"]
[Round "2.10"]
[White "Guardiola Sevilla, Antonio"]
[Black "Marcos Herrero, Francisco"]
[Result "1-0"]
[WhiteElo "1716"]
[BlackElo "1855"]
[PlyCount "77"]
[EventDate "2023.02.06"]
[EventType "swiss"]
[EventRounds "9"]
[EventCountry "ESP"]
[SourceTitle "Ajedrez en Madrid"]
[Source "lmi"]
[SourceDate "2023.02.06"]
[SourceVersion "1"]
[SourceVersionDate "2023.03.03"]
[SourceQuality "1"]

1. e4 c6 2. d4 d5 3. e5 Bf5 4. Nf3 e6 5. Bd3 Bxd3 6. Qxd3 Qa5+ 7. c3 Qa6 8.
Qxa6 Nxa6 9. b4 Ne7 10. Nbd2 Nf5 11. a4 Be7 12. Nb3 Nc7 13. O-O O-O 14. Ba3
Rfc8 15. Nfd2 h5 16. Rae1 b6 17. Nb1 Na6 18. f4 c5 19. dxc5 bxc5 20. b5 Nb8 21.
Rf3 Nd7 22. N3d2 a6 23. h3 axb5 24. axb5 Nb6 25. g4 hxg4 26. hxg4 Nh6 27. Rg3
Ra4 28. Rf1 Rca8 29. Bc1 R8a5 30. Nb3 Rxb5 31. N1d2 Ra2 32. f5 Bg5 33. fxe6
fxe6 34. Nf3 Be7 35. Bxh6 Rxb3 36. Bg5 Bf8 37. Bd8 Nc4 38. Ng5 Ra6 39. Rgf3 1-0

[Event "Madrid 2022-2023 ch - Previa A"]
[Site "Madrid ESP"]
[Date "2023.02.07"]
[Round "2.11"]
[White "Martin-Buitrago Lopez, Antonio"]
[Black "Fernandez Garcia, Ignacio"]
[Result "1-0"]
[WhiteElo "1705"]
[BlackElo "1824"]
[PlyCount "81"]
[EventDate "2023.02.06"]
[EventType "swiss"]
[EventRounds "9"]
[EventCountry "ESP"]
[SourceTitle "Ajedrez en Madrid"]
[Source "lmi"]
[SourceDate "2023.02.06"]
[SourceVersion "1"]
[SourceVersionDate "2023.03.03"]
[SourceQuality "1"]

1. e4 d5 2. exd5 Qxd5 3. Nc3 Qa5 4. d4 Nf6 5. Nf3 Bg4 6. h3 Bh5 7. Bd2 c6 8.
Ne4 Qd8 9. Nxf6+ exf6 10. g4 Bg6 11. Qe2+ Qe7 12. O-O-O Qxe2 13. Bxe2 Bd6 14.
Rhe1 O-O 15. Nh4 Nd7 16. Bc4 Nb6 17. Bb3 Nd5 18. Bxd5 cxd5 19. Nxg6 hxg6 20.
Re3 Rfe8 21. Rde1 Kf8 22. Rb3 b6 23. Rxe8+ Rxe8 24. Rb5 Ke7 25. Rxd5 Rh8 26. c4
Rxh3 27. c5 bxc5 28. dxc5 Bc7 29. Be3 Rh1+ 30. Kc2 Rg1 31. c6 Ke6 32. Rd7 Bb6
33. Bxb6 axb6 34. f3 Rh1 35. a4 Rh8 36. b4 f5 37. g5 Rh2+ 38. Kc3 Ra2 39. Rd8
Ra1 40. Kb2 Rxa4 41. c7 1-0

[Event "Madrid 2022-2023 ch - Previa A"]
[Site "Madrid ESP"]
[Date "2023.02.07"]
[Round "2.12"]
[White "Sprenger de la Iglesia, Yevgeni"]
[Black "Camarero Izquierdo, Juan Carlos"]
[Result "1-0"]
[WhiteElo "1823"]
[BlackElo "1651"]
[PlyCount "111"]
[EventDate "2023.02.06"]
[EventType "swiss"]
[EventRounds "9"]
[EventCountry "ESP"]
[SourceTitle "Ajedrez en Madrid"]
[Source "lmi"]
[SourceDate "2023.02.06"]
[SourceVersion "1"]
[SourceVersionDate "2023.03.03"]
[SourceQuality "1"]

1. e4 c5 2. Nf3 d6 3. d4 cxd4 4. Nxd4 Nf6 5. Nc3 a6 6. f3 e6 7. Be3 Nbd7 8. Qd2
b5 9. O-O-O Bb7 10. Kb1 Rc8 11. Bd3 Nb6 12. b3 d5 13. e5 Nfd7 14. f4 Bb4 15.
Nde2 O-O 16. Kb2 Qc7 17. Bd4 Nb8 18. Bxb6 Qxb6 19. Nxd5 Ba3+ 20. Kxa3 Bxd5 21.
Rhg1 a5 22. Kb2 Nc6 23. Nc3 b4 24. Nxd5 exd5 25. Bf5 Rc7 26. Qxd5 Qe3 27. Qd6
Qc3+ 28. Kb1 Ne7 29. Be4 Ra7 30. Qd3 Qc8 31. Bxh7+ Kh8 32. Be4 g6 33. Qh3+ Qxh3
34. gxh3 a4 35. Kb2 Rc8 36. Rd6 Rb8 37. f5 Rb5 38. fxg6 fxg6 39. Bxg6 a3+ 40.
Kc1 Rd5 41. Be8 Kh7 42. Bg6+ Kh8 43. Bd3 Rxd6 44. exd6 Nd5 45. Bf5 Nc3 46. d7
Ra8 47. Re1 Nxa2+ 48. Kd2 Kg7 49. Re8 Ra5 50. d8=Q Rxf5 51. Rg8+ Kh7 52. Rh8+
Kg6 53. Qg8+ Kf6 54. Rh6+ Ke5 55. Qe6+ Kf4 56. Qe3# 1-0

[Event "Madrid 2022-2023 ch - Previa A"]
[Site "Madrid ESP"]
[Date "2023.02.07"]
[Round "2.13"]
[White "Balsera Gomez, Antonio"]
[Black "Garcia Martin, Esteban"]
[Result "0-1"]
[WhiteElo "1663"]
[BlackElo "1819"]
[PlyCount "78"]
[EventDate "2023.02.06"]
[EventType "swiss"]
[EventRounds "9"]
[EventCountry "ESP"]
[SourceTitle "Ajedrez en Madrid"]
[Source "lmi"]
[SourceDate "2023.02.06"]
[SourceVersion "1"]
[SourceVersionDate "2023.03.03"]
[SourceQuality "1"]

1. d4 Nf6 2. Nf3 b6 3. e3 Bb7 4. Bd3 d5 5. O-O e6 6. b3 Be7 7. Bb2 O-O 8. Nbd2
c5 9. Ne5 Nc6 10. f4 Nb4 11. Be2 cxd4 12. exd4 Rc8 13. c3 Nc6 14. Bd3 Nd7 15.
Nxd7 Qxd7 16. f5 e5 17. dxe5 Nxe5 18. Be2 Bf6 19. Rc1 Qd6 20. Ne4 Qe7 21. Nxf6+
Qxf6 22. Qd2 Rcd8 23. Qf4 Rfe8 24. Bb5 Bc6 25. Bxc6 Qxc6 26. Rcd1 f6 27. Rd2
Qc5+ 28. Kh1 Nf7 29. h4 Nd6 30. Qf2 Qxf2 31. Rdxf2 Ne4 32. Rf3 Nd2 33. Kg1
Nxf3+ 34. Rxf3 Re2 35. Rf2 Rde8 36. Ba3 Re1+ 37. Kh2 R8e2 38. Kg3 Rxf2 39. Kxf2
Ra1 0-1

[Event "Madrid 2022-2023 ch - Previa A"]
[Site "Madrid ESP"]
[Date "2023.02.07"]
[Round "2.14"]
[White "Pashov, Spas Nikolov"]
[Black "Sanchez Arriola, Ignacio"]
[Result "1-0"]
[WhiteElo "1806"]
[BlackElo "1580"]
[PlyCount "89"]
[EventDate "2023.02.06"]
[EventType "swiss"]
[EventRounds "9"]
[EventCountry "ESP"]
[SourceTitle "Ajedrez en Madrid"]
[Source "lmi"]
[SourceDate "2023.02.06"]
[SourceVersion "1"]
[SourceVersionDate "2023.03.03"]
[SourceQuality "1"]

1. e4 c6 2. c4 e6 3. Nf3 d5 4. exd5 cxd5 5. d4 Nf6 6. Nc3 Nc6 7. cxd5 Nxd5 8.
Bb5 a6 9. Bxc6+ bxc6 10. O-O Be7 11. Be3 O-O 12. Ne5 Nxe3 13. fxe3 Bb7 14. Qa4
Rc8 15. b4 Bd6 16. Nf3 Bb8 17. Ne4 Ba7 18. Rac1 Qd5 19. Nc5 Bxc5 20. Rxc5 Qe4
21. Qb3 Rc7 22. Ne5 Re8 23. Rf4 Qxf4 24. exf4 Rd8 25. Qc3 Rdc8 26. a4 f6 27.
Nc4 Ba8 28. Nb6 Rd8 29. Nxa8 Rxa8 30. Rxc6 Re7 31. Qc4 Kf7 32. f5 Rae8 33. Rxa6
g6 34. fxe6+ Rxe6 35. g4 f5 36. g5 h6 37. h4 hxg5 38. hxg5 f4 39. Qc7+ R6e7 40.
Qxf4+ Kg7 41. Qf6+ Kh7 42. Qxg6+ Kh8 43. Qh5+ Kg8 44. Rg6+ Kf8 45. Qh8+ 1-0

[Event "Madrid 2022-2023 ch - Previa A"]
[Site "Madrid ESP"]
[Date "2023.02.07"]
[Round "2.15"]
[White "Sanz Muñoz, Manuel"]
[Black "De Vicente Guijarro, Juan"]
[Result "0-1"]
[WhiteElo "1643"]
[BlackElo "1803"]
[PlyCount "42"]
[EventDate "2023.02.06"]
[EventType "swiss"]
[EventRounds "9"]
[EventCountry "ESP"]
[SourceTitle "Ajedrez en Madrid"]
[Source "lmi"]
[SourceDate "2023.02.06"]
[SourceVersion "1"]
[SourceVersionDate "2023.03.03"]
[SourceQuality "1"]

1. e4 e5 2. f4 exf4 3. Nf3 d5 4. exd5 Nf6 5. Bc4 Bd6 6. O-O O-O 7. Nc3 c6 8.
dxc6 Nxc6 9. d3 Bg4 10. Kh1 Ne5 11. Nd5 Nh5 12. Qe1 Re8 13. Qh4 Bxf3 14. Qxd8
Bxg2+ 15. Kxg2 Raxd8 16. Bb3 Ng6 17. Bd2 Re2+ 18. Rf2 Rde8 19. Raf1 Bc5 20. Ba4
R8e5 21. Bc3 Rg5+ 0-1

[Event "Madrid 2022-2023 ch - Previa A"]
[Site "Madrid ESP"]
[Date "2023.02.07"]
[Round "2.16"]
[White "Gonzalez Bolado, David"]
[Black "Esteban Amo, Jose M."]
[Result "0-1"]
[WhiteElo "1313"]
[BlackElo "1788"]
[PlyCount "102"]
[EventDate "2023.02.06"]
[EventType "swiss"]
[EventRounds "9"]
[EventCountry "ESP"]
[SourceTitle "Ajedrez en Madrid"]
[Source "lmi"]
[SourceDate "2023.02.06"]
[SourceVersion "1"]
[SourceVersionDate "2023.03.03"]
[SourceQuality "1"]

1. e4 c5 2. c3 d5 3. exd5 Qxd5 4. d4 Nf6 5. Nf3 Bg4 6. Be2 cxd4 7. cxd4 Nc6 8.
Nc3 Qa5 9. Be3 e6 10. a3 a6 11. O-O Be7 12. h3 Bh5 13. b4 Qd8 14. Na4 Nd5 15.
Ne5 Bxe2 16. Qxe2 Nxe5 17. dxe5 O-O 18. Rfd1 Qe8 19. Qc2 Rc8 20. Qb3 Qb5 21.
Rac1 Nxe3 22. fxe3 Qxe5 23. Nb6 Rxc1 24. Rxc1 Rd8 25. Rc8 Rxc8 26. Nxc8 Bg5 27.
Kf2 Qc7 28. Na7 b5 29. Nxb5 axb5 30. a4 bxa4 31. Qxa4 g6 32. b5 Qb6 33. Qb3 Bd8
34. Kf3 Bc7 35. Qd3 Qd6 36. Qxd6 Bxd6 37. b6 Kf8 38. Ke4 Ke7 39. Kd4 Kd7 40.
Kc4 Kc6 41. b7 Kxb7 42. Kd3 Kc6 43. Kc4 Bg3 44. e4 Kd6 45. Kd4 Bf2+ 46. Kd3 Ke5
47. Ke2 Bc5 48. Kf3 f5 49. exf5 gxf5 50. g4 f4 51. h4 Be7 0-1

[Event "Madrid 2022-2023 ch - Previa A"]
[Site "Madrid ESP"]
[Date "2023.02.07"]
[Round "2.17"]
[White "Ciuro Muñoz, Ricardo"]
[Black "Mejias Gonzalez, Pedro"]
[Result "1-0"]
[WhiteElo "1860"]
[BlackElo "1489"]
[PlyCount "81"]
[EventDate "2023.02.06"]
[EventType "swiss"]
[EventRounds "9"]
[EventCountry "ESP"]
[SourceTitle "Ajedrez en Madrid"]
[Source "lmi"]
[SourceDate "2023.02.06"]
[SourceVersion "1"]
[SourceVersionDate "2023.03.03"]
[SourceQuality "1"]

1. e4 d5 2. exd5 Nf6 3. c4 e6 4. dxe6 Bxe6 5. Nf3 c6 6. Be2 Be7 7. O-O O-O 8.
b3 Na6 9. Bb2 Nc7 10. Nc3 c5 11. Qc2 Bg4 12. h3 Bh5 13. Ne5 Bxe2 14. Nxe2 Ne6
15. Nf3 Nh5 16. d4 cxd4 17. Nfxd4 Nxd4 18. Bxd4 Qc7 19. Qf5 g6 20. Qe5 Qxe5 21.
Bxe5 Bf6 22. Bxf6 Nxf6 23. Nc3 Rfe8 24. Rfe1 Rxe1+ 25. Rxe1 Kf8 26. f3 Rd8 27.
Kf2 Rd2+ 28. Re2 Rxe2+ 29. Kxe2 Ke7 30. Ke3 Ke6 31. Ne4 Nxe4 32. Kxe4 Kd6 33.
Kd4 f6 34. b4 b6 35. c5+ bxc5+ 36. bxc5+ Kc6 37. Kc4 a5 38. a4 h5 39. g4 h4 40.
f4 f5 41. g5 1-0

[Event "Madrid 2022-2023 ch - Previa A"]
[Site "Madrid ESP"]
[Date "2023.02.07"]
[Round "2.18"]
[White "Sanchez Rodriguez, Jaime"]
[Black "Metola Arias, Mario"]
[Result "1/2-1/2"]
[WhiteElo "1839"]
[BlackElo "1498"]
[PlyCount "214"]
[EventDate "2023.02.06"]
[EventType "swiss"]
[EventRounds "9"]
[EventCountry "ESP"]
[SourceTitle "Ajedrez en Madrid"]
[Source "lmi"]
[SourceDate "2023.02.06"]
[SourceVersion "1"]
[SourceVersionDate "2023.03.03"]
[SourceQuality "1"]

1. d4 Nf6 2. Bg5 d5 3. e3 g6 4. f4 Bg4 5. Nf3 Ne4 6. Bh4 Qd6 7. c3 Bg7 8. Nbd2
Qb6 9. Qc2 Bf5 10. Bd3 Nxd2 11. Nxd2 Bxd3 12. Qxd3 Qxb2 13. Rb1 Qxa2 14. Qb5+
Nd7 15. Ke2 Qa6 16. Qxa6 bxa6 17. Ra1 c5 18. Rxa6 cxd4 19. cxd4 e6 20. Rha1 O-O
21. Rxa7 Nb6 22. Rxa8 Rxa8 23. Rxa8+ Nxa8 24. Bd8 Bf8 25. e4 Bd6 26. e5 Bc7 27.
Be7 Bb6 28. Ke3 Nc7 29. g4 Nb5 30. Nb3 h5 31. h3 hxg4 32. hxg4 Kg7 33. g5 Nc3
34. Kd3 Ne4 35. Nc5 Nf2+ 36. Ke2 Nh3 37. Kf3 Ng1+ 38. Ke3 Nh3 39. Nb3 Kg8 40.
Bb4 Bd8 41. Be1 Nxg5 42. fxg5 Bxg5+ 43. Kf3 Be7 44. Nc5 f6 45. Nxe6 Kf7 46. Nf4
fxe5 47. dxe5 d4 48. Ke4 g5 49. Nd5 Bc5 50. Bd2 g4 51. Bf4 Ke6 52. Nf6 d3 53.
Nxg4 d2 54. Bxd2 Bd6 55. Bf4 Bxe5 56. Bxe5 Kd7 57. Kd5 Ke7 58. Nh6 Kd7 59. Nf5
Kc8 60. Kc6 Kd8 61. Kd6 Kc8 62. Ne7+ Kb7 63. Kc5 Ka6 64. Bc7 Kb7 65. Ba5 Ka6
66. Nc6 Kb7 67. Bb6 Ka6 68. Nb4+ Kb7 69. Bd8 Kc8 70. Bf6 Kd7 71. Kd5 Kc7 72.
Bd4 Kd7 73. Na6 Ke7 74. Be5 Kf7 75. Nc7 Kg6 76. Ke4 Kf7 77. Bd6 Kf6 78. Kf4 Kg6
79. Nd5 Kf7 80. Kf5 Ke8 81. Ke6 Kd8 82. Nb6 Ke8 83. Bc7 Kf8 84. Bf4 Kg7 85. Kf5
Kf7 86. Bd6 Kg7 87. Nd5 Kf7 88. Nf4 Ke8 89. Ke6 Kd8 90. Kd5 Kd7 91. Ng6 Kc8 92.
Kc6 Kd8 93. Ne5 Kc8 94. Be7 Kb8 95. Nf7 Ka7 96. Nd6 Kb8 97. Kb6 Ka8 98. Bd8 Kb8
99. Ka6 Ka8 100. Ba5 Kb8 101. Bb6 Ka8 102. Bd4 Kb8 103. Kb6 Ka8 104. Nb5 Kb8
105. Kc6 Kc8 106. Be5 Kd8 107. Kd6 Kc8 1/2-1/2

[Event "Madrid 2022-2023 ch - Previa A"]
[Site "Madrid ESP"]
[Date "2023.02.07"]
[Round "2.19"]
[White "Sotoca Aguado, Jose"]
[Black "Calle Trueba, Jose Antonio"]
[Result "1-0"]
[WhiteElo "1790"]
[BlackElo "1335"]
[PlyCount "71"]
[EventDate "2023.02.06"]
[EventType "swiss"]
[EventRounds "9"]
[EventCountry "ESP"]
[SourceTitle "Ajedrez en Madrid"]
[Source "lmi"]
[SourceDate "2023.02.06"]
[SourceVersion "1"]
[SourceVersionDate "2023.03.03"]
[SourceQuality "1"]

1. e4 e6 2. d4 d5 3. Nc3 Nf6 4. e5 Nfd7 5. f4 c5 6. Nf3 Nc6 7. Be3 Qb6 8. Na4
Qa5+ 9. c3 cxd4 10. Nxd4 Nxd4 11. Bxd4 Qc7 12. b4 Nb6 13. Nc5 Bxc5 14. Bxc5 Bd7
15. Bd3 Nc4 16. Qe2 b6 17. Bd4 O-O-O 18. O-O h5 19. a4 Rdf8 20. a5 b5 21. Bc5
Rfg8 22. Be3 a6 23. Bd4 g5 24. f5 Qd8 25. fxe6 Bxe6 26. Rf6 g4 27. Raf1 g3 28.
h3 Bg4 29. hxg4 hxg4 30. Bf5+ Kb8 31. Bxg4 Nd2 32. R1f4 Ne4 33. Rxe4 dxe4 34.
Qxe4 Rh1+ 35. Kxh1 Rh8+ 36. Bh3 1-0

[Event "Madrid 2022-2023 ch - Previa A"]
[Site "Madrid ESP"]
[Date "2023.02.07"]
[Round "2.20"]
[White "Martin Romero, David"]
[Black "Rioyo Bailin, Lucas"]
[Result "1-0"]
[WhiteElo "1765"]
[BlackElo "1432"]
[PlyCount "87"]
[EventDate "2023.02.06"]
[EventType "swiss"]
[EventRounds "9"]
[EventCountry "ESP"]
[SourceTitle "Ajedrez en Madrid"]
[Source "lmi"]
[SourceDate "2023.02.06"]
[SourceVersion "1"]
[SourceVersionDate "2023.03.03"]
[SourceQuality "1"]

1. e4 e6 2. d3 d5 3. Nd2 Nc6 4. Ngf3 Bc5 5. g3 Nf6 6. Bg2 O-O 7. O-O dxe4 8.
Nxe4 Nxe4 9. dxe4 h6 10. Qe2 e5 11. Rd1 Qf6 12. Be3 Bxe3 13. Qxe3 Bg4 14. c3
Na5 15. b3 b6 16. Rd5 Rfe8 17. h3 Bh5 18. g4 Bg6 19. Rad1 Nb7 20. Ne1 Nd6 21.
Nc2 Qf4 22. Qxf4 exf4 23. f3 Rad8 24. Bf1 Nb7 25. Rxd8 Rxd8 26. Rxd8+ Nxd8 27.
Bc4 c6 28. a4 Ne6 29. Bxe6 fxe6 30. Nd4 c5 31. Nc6 a5 32. Ne5 Be8 33. Nc4 b5
34. axb5 Bxb5 35. Nxa5 Be2 36. Kf2 Bb5 37. c4 Ba6 38. Nc6 Kf8 39. Ne5 Ke7 40.
Ng6+ Kf6 41. Nxf4 Ke5 42. Ke3 g5 43. Nd3+ Kd6 44. f4 1-0

[Event "Madrid 2022-2023 ch - Previa A"]
[Site "Madrid ESP"]
[Date "2023.02.07"]
[Round "2.22"]
[White "Guach Rodriguez, Marco Antonio"]
[Black "Soofi Alizadeh, Arash"]
[Result "1-0"]
[WhiteElo "1701"]
[BlackElo "1161"]
[PlyCount "63"]
[EventDate "2023.02.06"]
[EventType "swiss"]
[EventRounds "9"]
[EventCountry "ESP"]
[SourceTitle "Ajedrez en Madrid"]
[Source "lmi"]
[SourceDate "2023.02.06"]
[SourceVersion "1"]
[SourceVersionDate "2023.03.03"]
[SourceQuality "1"]

1. e4 e6 2. d4 d5 3. Nd2 c5 4. exd5 exd5 5. Ndf3 Nf6 6. Be3 c4 7. Ne2 Bb4+ 8.
c3 Bd6 9. Ng3 O-O 10. Qc2 Bg4 11. Be2 Re8 12. O-O Nbd7 13. Nf5 Bxf5 14. Qxf5
Re7 15. Rfe1 Qb6 16. Ne5 Nxe5 17. dxe5 Rxe5 18. Qxe5 Bxe5 19. Bxb6 axb6 20. a3
g6 21. Bf3 Bc7 22. Red1 Rd8 23. g3 b5 24. Rd2 Ne4 25. Bxe4 dxe4 26. Rxd8+ Bxd8
27. Rd1 Bb6 28. Rd5 e3 29. fxe3 Bxe3+ 30. Kg2 Kg7 31. Rxb5 b6 32. Rb4 1-0

[Event "Madrid 2022-2023 ch - Previa A"]
[Site "Madrid ESP"]
[Date "2023.02.07"]
[Round "2.23"]
[White "Lopez Del Moral Lopez de, Rafael"]
[Black "Garcia Fernandez, Jesus"]
[Result "0-1"]
[WhiteElo "1480"]
[BlackElo "1910"]
[PlyCount "54"]
[EventDate "2023.02.06"]
[EventType "swiss"]
[EventRounds "9"]
[EventCountry "ESP"]
[SourceTitle "Ajedrez en Madrid"]
[Source "lmi"]
[SourceDate "2023.02.06"]
[SourceVersion "1"]
[SourceVersionDate "2023.03.03"]
[SourceQuality "1"]

1. d4 d5 2. Nf3 Nf6 3. e3 c5 4. c3 cxd4 5. exd4 Nc6 6. Bd3 Bg4 7. Nbd2 e6 8.
Qb3 Qc7 9. O-O Bd6 10. Re1 O-O 11. Qc2 Bh5 12. h3 Bg6 13. Kh1 b5 14. Ng5 Rac8
15. Ndf3 Rfe8 16. h4 Nb4 17. cxb4 Qxc2 18. Bxc2 Rxc2 19. a3 Ng4 20. Nh3 Nxf2+
21. Nxf2 Rxf2 22. Be3 Rxb2 23. Rac1 Rb3 24. Rc6 Bg3 25. Rec1 Rxe3 26. Rc8 f6
27. R8c7 Bxc7 0-1

[Event "Madrid 2022-2023 ch - Previa A"]
[Site "Madrid ESP"]
[Date "2023.02.07"]
[Round "2.24"]
[White "Garcia Galeote, Lorenzo"]
[Black "Rubio Rivera, Felix"]
[Result "1/2-1/2"]
[WhiteElo "1900"]
[BlackElo "1476"]
[PlyCount "98"]
[EventDate "2023.02.06"]
[EventType "swiss"]
[EventRounds "9"]
[EventCountry "ESP"]
[SourceTitle "Ajedrez en Madrid"]
[Source "lmi"]
[SourceDate "2023.02.06"]
[SourceVersion "1"]
[SourceVersionDate "2023.03.03"]
[SourceQuality "1"]

1. d4 Nf6 2. Nf3 e6 3. e3 b6 4. Bd3 Bb7 5. Nbd2 d5 6. O-O Nbd7 7. Qe2 Bd6 8. e4
dxe4 9. Nxe4 Be7 10. Re1 O-O 11. Neg5 Bxf3 12. Nxf3 h6 13. Ne5 Qe8 14. a4 Bd6
15. Bb5 Bxe5 16. dxe5 Nd5 17. Ra3 Ne7 18. Rd1 c6 19. Bc4 Ng6 20. f4 Ne7 21. Rh3
Rd8 22. Qg4 Nf5 23. Bd3 Nc5 24. Qe2 Nxd3 25. Rhxd3 Rxd3 26. Qxd3 h5 27. b3 Qe7
28. Be3 Nxe3 29. Qxe3 Rd8 30. Rd3 Rd5 31. c4 Rd7 32. g3 Qd8 33. Rxd7 Qxd7 34.
Kf2 c5 35. Ke2 Kf8 36. a5 Ke7 37. axb6 axb6 38. Qe4 g6 39. h3 b5 40. cxb5 Qxb5+
41. Qd3 Qxd3+ 42. Kxd3 Kd7 43. Kc3 Kc7 44. b4 Kb6 45. Kc4 cxb4 46. Kxb4 Kc6 47.
Kc4 Kb6 48. Kb4 Kc6 49. Kc4 Kb6 1/2-1/2

[Event "Madrid 2022-2023 ch - Previa A"]
[Site "Madrid ESP"]
[Date "2023.02.07"]
[Round "2.25"]
[White "Moreno Sabroso, Ruben"]
[Black "Martin Martin, Luis Vicente"]
[Result "1-0"]
[WhiteElo "1455"]
[BlackElo "1900"]
[PlyCount "47"]
[EventDate "2023.02.06"]
[EventType "swiss"]
[EventRounds "9"]
[EventCountry "ESP"]
[SourceTitle "Ajedrez en Madrid"]
[Source "lmi"]
[SourceDate "2023.02.06"]
[SourceVersion "1"]
[SourceVersionDate "2023.03.03"]
[SourceQuality "1"]

1. e4 e6 2. d3 d5 3. Nd2 Nf6 4. Ngf3 b6 5. c3 dxe4 6. dxe4 Bc5 7. e5 Nfd7 8.
Ne4 Be7 9. Bb5 Bb7 10. Qe2 a6 11. Ba4 O-O 12. Bc2 a5 13. O-O Nc6 14. Rd1 Qc8
15. Bf4 Rd8 16. Neg5 Nf8 17. h4 Rxd1+ 18. Rxd1 Qe8 19. Nh2 Rd8 20. Bd3 Rd7 21.
Qh5 g6 22. Qe2 Qd8 23. Ng4 Bc5 24. Nf6+ 1-0

[Event "Madrid 2022-2023 ch - Previa A"]
[Site "Madrid ESP"]
[Date "2023.02.07"]
[Round "2.26"]
[White "Moreno Torrero, Javier"]
[Black "Menendez Domens, Juan Manuel"]
[Result "1-0"]
[WhiteElo "1889"]
[BlackElo "1440"]
[PlyCount "133"]
[EventDate "2023.02.06"]
[EventType "swiss"]
[EventRounds "9"]
[EventCountry "ESP"]
[SourceTitle "Ajedrez en Madrid"]
[Source "lmi"]
[SourceDate "2023.02.06"]
[SourceVersion "1"]
[SourceVersionDate "2023.03.03"]
[SourceQuality "1"]

1. e4 e5 2. Nf3 Nc6 3. Bb5 Nf6 4. O-O d6 5. c3 Nxe4 6. d4 Qe7 7. dxe5 Bd7 8.
Re1 Nxe5 9. Bxd7+ Nxd7 10. Qd5 Ndc5 11. b4 c6 12. Qd4 Ne6 13. Qxe4 O-O-O 14. c4
Qf6 15. Nc3 Qxc3 16. Be3 d5 17. cxd5 cxd5 18. Qf5 Qf6 19. Qxf6 gxf6 20. Bxa7
Bxb4 21. Rec1+ Kd7 22. Rab1 Ra8 23. Be3 Ra4 24. a3 d4 25. Nxd4 Nxd4 26. Bxd4
Bxa3 27. Rxb7+ Ke6 28. Re1+ Kf5 29. Be3 Kg6 30. Ra1 Rha8 31. g3 Bd6 32. Rxa4
Rxa4 33. Kg2 Ra2 34. Kf3 Ra3 35. Rb5 Rc3 36. h4 Be5 37. Rd5 h5 38. Rd8 Rb3 39.
Rh8 Bd4 40. Rh6+ Kg7 41. Rxh5 Bxe3 42. fxe3 Kg6 43. Ra5 Rb1 44. e4 Rf1+ 45. Kg2
Re1 46. Ra4 Re3 47. Kf2 Rb3 48. Rd4 Rc3 49. Rd2 Rb3 50. Re2 Rc3 51. Re3 Rc2+
52. Kf3 Rc1 53. Kg4 Rc4 54. h5+ Kh6 55. Kf5 Rc5+ 56. Kxf6 Kxh5 57. Kxf7 Re5 58.
Kf6 Re8 59. e5 Rf8+ 60. Kg7 Rf5 61. e6 Rg5+ 62. Kf6 Rg6+ 63. Kf7 Kg5 64. Re5+
Kh6 65. e7 Rg7+ 66. Kf8 Rxg3 67. e8=Q 1-0

[Event "Madrid 2022-2023 ch - Previa A"]
[Site "Madrid ESP"]
[Date "2023.02.07"]
[Round "2.27"]
[White "Javaloyes Ruiz, Miguel"]
[Black "Carrera Cabaneros, Francisco"]
[Result "1-0"]
[WhiteElo "1432"]
[BlackElo "1757"]
[PlyCount "69"]
[EventDate "2023.02.06"]
[EventType "swiss"]
[EventRounds "9"]
[EventCountry "ESP"]
[SourceTitle "Ajedrez en Madrid"]
[Source "lmi"]
[SourceDate "2023.02.06"]
[SourceVersion "1"]
[SourceVersionDate "2023.03.03"]
[SourceQuality "1"]

1. d4 Nf6 2. c4 d5 3. Nf3 c6 4. Qc2 e6 5. g3 Be7 6. Bg2 O-O 7. O-O Nbd7 8. Nbd2
Re8 9. e4 dxe4 10. Nxe4 Nxe4 11. Qxe4 Nf6 12. Qc2 h6 13. Rd1 Qc7 14. Bf4 Bd6
15. Bxd6 Qxd6 16. c5 Qc7 17. Ne5 Nd5 18. Nc4 b6 19. Nd6 Re7 20. Re1 Rd7 21.
Rac1 Ba6 22. a3 Rad8 23. b4 b5 24. Bxd5 exd5 25. Re5 Re7 26. Rce1 Rxe5 27. Rxe5
Bc8 28. Qe2 Be6 29. f4 g6 30. g4 Rf8 31. f5 Bc8 32. Re7 Qd8 33. fxg6 Be6 34.
gxf7+ Bxf7 35. Nxf7 1-0

[Event "Madrid 2022-2023 ch - Previa A"]
[Site "Madrid ESP"]
[Date "2023.02.07"]
[Round "2.28"]
[White "Lopez Heras, Arturo"]
[Black "Lopez Manso, Jeronimo"]
[Result "1-0"]
[WhiteElo "1701"]
[BlackElo "1422"]
[PlyCount "55"]
[EventDate "2023.02.06"]
[EventType "swiss"]
[EventRounds "9"]
[EventCountry "ESP"]
[SourceTitle "Ajedrez en Madrid"]
[Source "lmi"]
[SourceDate "2023.02.06"]
[SourceVersion "1"]
[SourceVersionDate "2023.03.03"]
[SourceQuality "1"]

1. e4 Nf6 2. e5 Nd5 3. d4 d6 4. Nf3 Bg4 5. Be2 e6 6. O-O Be7 7. c4 Nb6 8. Nc3
O-O 9. Be3 f5 10. Qd2 Bxf3 11. gxf3 Qe8 12. Kh1 Nc6 13. exd6 cxd6 14. Rg1 Qf7
15. f4 Bf6 16. d5 Ne7 17. Rad1 e5 18. Nb5 Nec8 19. fxe5 dxe5 20. f4 a6 21. Nc3
Nd6 22. Bxb6 e4 23. Bd4 Rfe8 24. Bxf6 Qxf6 25. Qd4 Kf7 26. c5 Nc8 27. d6 Rd8
28. Bc4+ 1-0

[Event "Madrid 2022-2023 ch - Previa A"]
[Site "Madrid ESP"]
[Date "2023.02.07"]
[Round "2.29"]
[White "Casal Martin, Jose Manuel"]
[Black "Fernandez Rios, Jose Francisco"]
[Result "1-0"]
[WhiteElo "1430"]
[BlackElo "1680"]
[PlyCount "59"]
[EventDate "2023.02.06"]
[EventType "swiss"]
[EventRounds "9"]
[EventCountry "ESP"]
[SourceTitle "Ajedrez en Madrid"]
[Source "lmi"]
[SourceDate "2023.02.06"]
[SourceVersion "1"]
[SourceVersionDate "2023.03.03"]
[SourceQuality "1"]

1. e4 c5 2. c3 d5 3. exd5 Qxd5 4. d4 g6 5. Nf3 Bg7 6. h3 Nf6 7. Be2 O-O 8. Be3
cxd4 9. cxd4 Nc6 10. Nc3 Qa5 11. O-O Rd8 12. Qa4 Qxa4 13. Nxa4 Nd5 14. Bc4 Be6
15. Nc5 Nxe3 16. Nxe6 Nxc4 17. Nxd8 Rxd8 18. b3 Nb6 19. Rfd1 Nxd4 20. Kf1 Rd5
21. Ng1 Nxb3 22. axb3 Bxa1 23. Rxa1 a6 24. Ke1 Rb5 25. Ra3 Nd5 26. Ne2 e5 27.
g3 f5 28. Kd2 Kf7 29. Kd3 Ke6 30. Kc4 1-0